000 00494nam a2200169 i 4500
001 145744
003 ES-MaACL
005 20250602063233.0
007 t|
008 071016s1973 sp ||||1| spa d
100 1 _aVereiter, Karl von,
_d1918-1996
_9114070
245 1 0 _aYo huí con Martín Bormann /
_cKarl von Vereiter.
260 _aBarcelona :
_bPetronio,
_c[1973]
300 _a259 p., 16 láms. ;
_c21 cm.
852 _aES-MaACL
_jC-52434
_bR.85864
999 _c145744
_d145744